00353nam a2200133Ia 4500008004100000020001500041041001200056082001100068100001700079245007100096260003600167300000800203650000800211221030s9999 xx 000 0 und d a8121914590 aEnglish a105.23 aS. K. Sarkar 0aOptical Fibres & Fibre Optic Communication Systemcby S. K. Sarkar bS. Chand & Co.aNew Delhic2009 a440 aECE